<?xml version="1.0" encoding="UTF-8"?><?xml-stylesheet type="text/xsl" href="static/style.xsl"?><OAI-PMH xmlns="http://www.openarchives.org/OAI/2.0/" xmlns:xsi="http://www.w3.org/2001/XMLSchema-instance" xsi:schemaLocation="http://www.openarchives.org/OAI/2.0/ http://www.openarchives.org/OAI/2.0/OAI-PMH.xsd"><responseDate>2026-04-14T03:23:33Z</responseDate><request verb="GetRecord" identifier="oai:www.recercat.cat:20.500.12327/3455" metadataPrefix="marc">https://recercat.cat/oai/request</request><GetRecord><record><header><identifier>oai:recercat.cat:20.500.12327/3455</identifier><datestamp>2025-10-22T11:24:30Z</datestamp><setSpec>com_2072_4428</setSpec><setSpec>com_2072_4427</setSpec><setSpec>col_2072_487898</setSpec></header><metadata><record xmlns="http://www.loc.gov/MARC21/slim" xmlns:dcterms="http://purl.org/dc/terms/" xmlns:xsi="http://www.w3.org/2001/XMLSchema-instance" xmlns:doc="http://www.lyncode.com/xoai" xsi:schemaLocation="http://www.loc.gov/MARC21/slim http://www.loc.gov/standards/marcxml/schema/MARC21slim.xsd">
   <leader>00925njm 22002777a 4500</leader>
   <datafield ind2=" " ind1=" " tag="042">
      <subfield code="a">dc</subfield>
   </datafield>
   <datafield ind2=" " ind1=" " tag="720">
      <subfield code="a">Pecjak Pal, Manca</subfield>
      <subfield code="e">author</subfield>
   </datafield>
   <datafield ind2=" " ind1=" " tag="720">
      <subfield code="a">Leskovec, Jakob</subfield>
      <subfield code="e">author</subfield>
   </datafield>
   <datafield ind2=" " ind1=" " tag="720">
      <subfield code="a">Levart, Alenka</subfield>
      <subfield code="e">author</subfield>
   </datafield>
   <datafield ind2=" " ind1=" " tag="720">
      <subfield code="a">Pirman, Tatjana</subfield>
      <subfield code="e">author</subfield>
   </datafield>
   <datafield ind2=" " ind1=" " tag="720">
      <subfield code="a">Salobir, Janez</subfield>
      <subfield code="e">author</subfield>
   </datafield>
   <datafield ind2=" " ind1=" " tag="720">
      <subfield code="a">Rezar, Vida</subfield>
      <subfield code="e">author</subfield>
   </datafield>
   <datafield ind2=" " ind1=" " tag="260">
      <subfield code="c">2024-11-18</subfield>
   </datafield>
   <datafield ind2=" " ind1=" " tag="520">
      <subfield code="a">This study investigated the individual and combined effects of a high dietary n-3 PUFA&#xd;
intake and cyclic heat stress (HS) on the carcass characteristics, meat quality, and oxidative stability&#xd;
of broiler breast meat and the potential of antioxidant supplementation (vitamins E, C, and selenium)&#xd;
to mitigate these effects. A total of 192 one-day-old male Ross 308 broilers were randomly assigned&#xd;
to 24 pens within two controlled environment chambers and fed with the following diets: a basal&#xd;
diet low in antioxidants according to NRC recommendations (NRC group), a basal diet according&#xd;
to Aviagen recommendations additionally supplemented with 200 IU/kg vitamin E, 250 mg/kg&#xd;
vitamin C, and 0.15 mg/kg selenium (HAOX group), and these two diets further supplemented&#xd;
with 5% linseed oil (NRC N-3 and HAOX N-3 groups). On day 22, the broilers were exposed to the&#xd;
following two environmental conditions: thermoneutral (TN, 21 ◦C) or cyclic HS (HS, 34 ± 1 ◦C,&#xd;
7 h/d) in a 2 × 2 × 2 factorial design. A high intake of n-3 PUFAs significantly decreased growth&#xd;
performance, dressing percentage, and breast yield, while the incidence of pale, soft, and exudative&#xd;
(PSE) meat characteristics and malondialdehyde (MDA) levels increased. Cyclic HS reduced body&#xd;
weight (BW) and average daily feed intake (ADFI), but had limited effects on meat quality. No&#xd;
interactions between n-3 PUFAs and HS were observed for any measurements. High antioxidant&#xd;
supplementation increased breast yield, improved meat quality, and reduced oxidative stress, as&#xd;
evidenced by an enhanced antioxidant activity and lower MDA levels. In conclusion, n-3 PUFAs had&#xd;
a negative effect on both the carcass characteristics and meat quality of broilers, while HS primarily&#xd;
affected only carcass characteristics, with neither stressor having severe adverse effects. High levels&#xd;
of antioxidants could mitigate the negative effects of dietary- and heat-induced oxidative stress by&#xd;
enhancing the oxidative stability of broiler meat.</subfield>
   </datafield>
   <datafield ind1="8" ind2=" " tag="024">
      <subfield code="a">Pal, Manca Pečjak, Jakob Leskovec, Alenka Levart, Tatjana Pirman, Janez Salobir, and Vida Rezar. 2024. “Comparison of High N-3 PUFA Levels and Cyclic Heat Stress Effects on Carcass Characteristics, Meat Quality, and Oxidative Stability of Breast Meat of Broilers Fed Low- and High-Antioxidant Diets.” Animals 14 (22): 3314. doi: 10.3390/ani14223314</subfield>
   </datafield>
   <datafield ind1="8" ind2=" " tag="024">
      <subfield code="a">2076-2615</subfield>
   </datafield>
   <datafield ind1="8" ind2=" " tag="024">
      <subfield code="a">http://hdl.handle.net/20.500.12327/3455</subfield>
   </datafield>
   <datafield ind1="8" ind2=" " tag="024">
      <subfield code="a">https://doi.org/10.3390/ani14223314</subfield>
   </datafield>
   <datafield ind2="0" ind1="0" tag="245">
      <subfield code="a">Comparison of High n-3 PUFA Levels and Cyclic Heat Stress Effects on Carcass Characteristics, Meat Quality, and Oxidative Stability of Breast Meat of Broilers Fed Low- and High-Antioxidant Diets</subfield>
   </datafield>
</record></metadata></record></GetRecord></OAI-PMH>